000 00541nam a2200229Ia 4500
003 OSt
005 20221005124104.0
006 a|||||r|||| 00| 0
007 ta
008 221004b |||||||| |||| 00| 0 eng d
024 _a117891
037 _cTextual
040 _aCRL
_cCRL
_beng
041 _2eng
_aeng
100 _aKapoor J N
245 0 _aMathematical statistics
260 _c1972
650 _aMATHEMATICS
700 _a Sexens H C
_9634681
942 _cTEXL
_2cc
999 _c1049423
_d1049423